Culture Générale - Série 167 - Statistiques

Statistiques générales
  • Ce quiz a été pris 279 fois
  • Le résultat moyen est 6 sur 10
Statistiques - réponses
Question Réponse % Correct
Dans quel massif montagneux se situe le col de l'Iseran ? Alpes
86%
Quel numéro porte le département du Rhône ? 69
83%
Quel animal est Gripsou, le milliardaire rival de Picsou ? Canard
82%
Dans quel sport s'est illustrée l'Espagnole Arantxa Sanchez ? Tennis
74%
Selon son tube de 1988, qui parle "d'aventures" à Patricia Kaas ? Mon mec à moi
63%
Quel métier exerce Daniel Balavoine dans "Mon fils, ma bataille" ? Chanteur
59%
En électricité, que mesure-t-on en ohms ? Résistance
46%
Quel prénom chanté par Carla Bruni contient "4 consonnes et 3 voyelles" ? Raphaël
39%
A quel groupe doit-on la chanson "Walk of Life" en 1985 ? Dire Straits
27%
Qui a reçu le césar de la meilleure actrice grâce au "Petit Lieutenant" ? Nathalie Baye
21%
Aucun quiz correspondant
Distribution des résultats
% des personnes avec chaque résultat
Percentile par nombre de réponses
Votre historique - résultats
Vous n’avez pas pris ce quiz